Las particularidades lingüísticas del español en México bakalárska práca

Saved in:
Bibliographic Details
Main Author: Villárová, Klaudia
Corporate Author: Fakulta aplikovaných jazykov EU v Bratislave. Katedra románskych a slovanských jazykov
Other Authors: Spišiaková, Mária, 1973-
Format: Book
Language:Spanish
Published: Bratislava 2017
Tags: Add Tag
No Tags, Be the first to tag this record!

MARC

LEADER 00000nbm a2200000 4500
001 0233644
005 20180213095610.3
041 0 |a spa 
044 |a SK 
245 1 0 |a Las particularidades lingüísticas del español en México  |b bakalárska práca  |c Klaudia Villárová ; školiteľ: Mária Spišiaková 
264 1 |a Bratislava  |c 2017 
300 |a 48 s. 
100 1 |a Villárová, Klaudia 
700 1 |a Spišiaková, Mária, 1973- 
710 2 |a Fakulta aplikovaných jazykov EU v Bratislave. Katedra románskych a slovanských jazykov